The history of Kanagawa

This presents the history of one region of Japan in beautiful photos, historic art, and text in English. Kanagawa Prefecture is located within Japan's premiew region and is part ofthe nation's Pacific Belt. It is the third largest after Tokyo and Osaka. Blessed with natural beauty and rich...

Full beskrivning

Sparad:
Bibliografiska uppgifter
Materialtyp: Bok
Språk:Undetermined
Publicerad: Yokahama, Japan Kanagawa Prefectural Government 1985
Ämnen:
Taggar: Lägg till en tagg
Inga taggar, Lägg till första taggen!
Thư viện lưu trữ: Trung tâm Học liệu Trường Đại học Cần Thơ
LEADER 00858nam a2200181Ia 4500
001 CTU_218471
008 210402s9999 xx 000 0 und d
082 |a 952.136 
082 |b H673 
245 4 |a The history of Kanagawa 
260 |a Yokahama, Japan 
260 |b Kanagawa Prefectural Government 
260 |c 1985 
520 |a This presents the history of one region of Japan in beautiful photos, historic art, and text in English. Kanagawa Prefecture is located within Japan's premiew region and is part ofthe nation's Pacific Belt. It is the third largest after Tokyo and Osaka. Blessed with natural beauty and rich history including the Hakone and Kamakura areas, this book is important in understanding modern 
650 |a Kanagawa-ken (Japan) 
650 |z History 
904 |i Trúc 
980 |a Trung tâm Học liệu Trường Đại học Cần Thơ